Statistics for Largest Islands of Greece

Click here to take the quiz!

General Stats

  • This quiz has been taken 11,436 times
    (11,411 since last reset)
  • The average score is 6 of 16

Answer Stats

km 2 Island % Correct
8,336Crete
97%
1,401Rhodes
72%
1,633Lesbos
69%
593Corfu
55%
290Kos
39%
406Zakynthos
33%
781Kefalonia
30%
430Naxos
29%
3,670Euboea
26%
478Samos
26%
842Chíos
23%
478Lemnos
19%
380Thassos
19%
303Lefkada
18%
380Andros
16%
300Karpathos
15%

Score Distribution

Percentile by Number Answered

Percent of People with Each Score

Your Score History

You have not taken this quiz since the last reset